| 000 | 00975nam a22002891 4500 | ||
|---|---|---|---|
| 001 | 34862 | ||
| 003 | BD-RjUL | ||
| 005 | 20211209052225.0 | ||
| 008 | 140519s19649999nyu 001 0 eng | ||
| 035 | _a(BD-RjUL)34956 | ||
| 035 | _a(OCoLC)2675087 | ||
| 040 |
_aDLC _cOAkU _dOCoLC _dDLC _dBD-RjUL _beng |
||
| 041 | _aeng | ||
| 082 |
_a616.898200926 _bLAS V-1 1964 |
||
| 100 | 1 |
_aLaing, R. D. _q(Ronald David), _d1927-1989. _9106117 |
|
| 245 | 1 | 0 |
_aSanity, madness, and the family / _c[by] R. D. Laing [and] A. Esterson. _nVolume I : _pFamilies of Schizophrenics |
| 260 |
_aNew York : _bBasic Books, _c1964. |
||
| 300 |
_aviii, 272 p. ; _c22 cm. |
||
| 504 | _aIncludes index. | ||
| 505 | 0 | _av. 1. Families of schizophrenics. | |
| 650 | 0 |
_aSchizophrenia _vCase studies. _9106119 |
|
| 700 | 1 |
_aEsterson, A. _q(Aaron), _d1923- _9106120 |
|
| 942 |
_2ddc _cBK |
||
| 999 |
_c34862 _d34862 |
||